000
00319nam a2200109Ia 4500
001
1270429
005
20260417151349.0
008
260417s9999 xx 000 0 und d
020
_a
9786258317633
245
0
_a
Hz. Peygamber ve Görevliler - Tüm İnsanların Peygamberi 4
_c
Adnan Demircan
260
_b
Beyan Yayınları
999
_c
1270429
_d
1270429